Công cụ tìm kiếm = The search

Nội dung sách đề cập đến những thành tích Google đã đạt được. Đây là một cuốn sách minh họa đầy ssinh động về quá khứ, hiện tại và tưưong lai của công nghệ tìm kiếm và ảnh hưởng to lớn của nó đang bắt đầu lan dần trên các lĩnh vực m...

Ful tanımlama

Kaydedildi:
Detaylı Bibliyografya
Yazar: Battelle, John
Materyal Türü: Kitap
Dil:Undetermined
Baskı/Yayın Bilgisi: Hà Nội Tri thức 2007
Konular:
Etiketler: Etiketle
Etiket eklenmemiş, İlk siz ekleyin!
Thư viện lưu trữ: Trung tâm Học liệu Trường Đại học Cần Thơ
LEADER 01300nam a2200229Ia 4500
001 CTU_132147
008 210402s9999 xx 000 0 und d
020 |c 65000 
082 |a 338.76102504 
082 |b B335 
100 |a Battelle, John 
245 0 |a Công cụ tìm kiếm = 
245 4 |b The search 
245 0 |c John Battelle ; Nguyễn Thị Thu Hiền, Nguyễn Thị Hằng Mi dịch 
260 |a Hà Nội 
260 |b Tri thức 
260 |c 2007 
520 |a Nội dung sách đề cập đến những thành tích Google đã đạt được. Đây là một cuốn sách minh họa đầy ssinh động về quá khứ, hiện tại và tưưong lai của công nghệ tìm kiếm và ảnh hưởng to lớn của nó đang bắt đầu lan dần trên các lĩnh vực marketing, truyền thông, văn hóa đại chúng, giao lưu gặp gỡ, tìm việc làm, quốc tế, tự do dân chủ. 
650 |a Web search engines,Google (Firm),Internet industry,Công cụ tìm kiếm,Truy cập mạng internet,Công nghệ mạng,Internet searching 
650 |z United States 
904 |i Tuyến 
980 |a Trung tâm Học liệu Trường Đại học Cần Thơ